Countries with most McDonald's per capita - Statistics

General Stats
  • This quiz has been taken 1,010 times
  • The average score is 7 of 10
Answer Stats
Rank Outlet/10,000 people Country % Correct
1 0.433 United States of America
96%
3 0.352 Canada
92%
9 0.184 United Kingdom
91%
5 0.282 Japan
84%
4 0.349 Australia
78%
7 0.257 Hongkong
71%
2 0.369 New Zealand
56%
8 0.252 Sweden
46%
6 0.273 Singapore
43%
10 0.182 Denmark
42%
No matching quizzes found
Score Distribution
Percent of People with Each Score
Percentile by Number Answered
Your Score History
You have not taken this quiz